000 nam a22 7a 4500
999 _c52911
_d52911
003 OSt
005 20220707150534.0
008 220707b xxu||||| |||| 00| 0 eng d
040 _cIIMT UNIVERSITY MEERUT
100 _aDR. SHARMA, S
245 _aQUESTION BANK IN ELECTRONICS ENERGY & COMMN -1st
260 _bKATSON
300 _a849
942 _2ddc
_c09